QURAN MALAYALA BHASANTHARAM (Record no. 5073)
[ view plain ]
| 000 -LEADER | |
|---|---|
| fixed length control field | 00346nam a22001337a 4500 |
| 082 ## - DEWEY DECIMAL CLASSIFICATION NUMBER | |
| Classification number | 297.122 |
| Item number | KAR/Q |
| 100 ## - MAIN ENTRY--AUTHOR NAME | |
| Personal name | KARAKUNNU, MUHAMMED SHAIKH |
| 100 ## - MAIN ENTRY--AUTHOR NAME | |
| Personal name | ELAYAVOOR, VANIDAS |
| 245 ## - TITLE STATEMENT | |
| Title | QURAN MALAYALA BHASANTHARAM |
| 250 ## - EDITION STATEMENT | |
| Edition statement | FIRST EDITION |
| 260 ## - PUBLICATION, DISTRIBUTION, ETC. (IMPRINT) | |
| Place of publication | KOZHIKODE |
| Name of publisher | ISLAMIC PUBLISHING HOUSE |
| Year of publication | 2011 |
| 650 ## - SUBJECT ADDED ENTRY--TOPICAL TERM | |
| Topical Term | RELIGIOUS |
| Geographic subdivision | INDIA |
| 942 ## - ADDED ENTRY ELEMENTS (KOHA) | |
| Koha item type | Books |
| Withdrawn status | Lost status | Collection code | Home library | Current library | Shelving location | Date acquired | Source of acquisition | Cost, normal purchase price | Full call number | Accession Number | Koha item type |
|---|---|---|---|---|---|---|---|---|---|---|---|
| Non-fiction | Main Library | Main Library | SHELF 15 C-RELIGIOUS | 04/12/2013 | purchase | 300.00 | 297.122 KAR/Q | 06223 | Books |